000 00638nam a2200253Ia 4500
003 OSt
005 20221005113922.0
006 a|||||r|||| 00| 0
007 ta
008 221004b |||||||| |||| 00| 0 urd d
020 _cIndian Rupees
024 _a28582
037 _bGift, 15/02/2017,
_cTextual
040 _aCRL
_cCRL
_burd
041 _2urd
_aurd
082 _aQ7, 168Q6
100 _aIqbal
_9102453
245 0 _aAl-atoorul majmua
260 _c2016
650 _a ISLAMIC RELIGION
_9625161
650 _aRELIGION
942 _hQ7, 168Q6
_cTEXL
_2cc
999 _c1029738
_d1029738